000 01151nam a2200313 i 4500
001 000036076
003 DO-SdBPM
005 20250514124932.0
007 ta
008 111129s1994 dr ac 000 0 spa d
040 _aDO-SdBPM
_cBPMSU
_bspa
_erda
082 4 _a782.4216
_bB862I 1994
_222
100 1 _a Incháustegui. Arístides
245 1 3 _aEl albúm de Eduardo Brito /
_ctextos Arístides Incháustegui.
264 _aSanto Domingo :
_bSecretaría de Estado de Educación, Bellas Artes y Cultos,
_c1994.
300 _a180 páginas :
_bilustraciones, retratos ;
_c28 cm.
336 _2rdacontent
_atexto
_btxt
337 _2rdamedia
_asin mediación
_bn
338 _2rdacarrier
_avolumen
_bnc
500 _aIncluye referencias bibliográficas y notas al pie de las páginas
504 _aBibliografía : p. 181
590 _aInventariado, 2025/VM
600 1 4 _aBrito, Eduardo,
_d1905-1946
650 4 _aMúsicos
_zRepública Dominicana
650 4 _aTenores (cantantes)
_zRepública Dominicana
710 2 _aSecretaría de Estado de Educación, Bellas Artes y Cultos,
910 _aVMateo V. Control de calidad. BPMSU
942 _2ddc
_cBK
999 _c15054
_d15054